MARC details
| 000 -LEADER |
| fixed length control field |
02199nas a2200301 a 4500 |
| 008 - FIXED-LENGTH DATA ELEMENTS--GENERAL INFORMATION |
| fixed length control field |
080514c19919999||||||||||||||||| || u |
| 050 ## - LIBRARY OF CONGRESS CALL NUMBER |
| Classification number |
IBRD(058)ABCDE |
| 100 ## - MAIN ENTRY--PERSONAL NAME |
| Personal name |
Pleskovic, Boris |
| 245 10 - TITLE STATEMENT |
| Title |
Annual World Bank Conference on Development Economics |
| Statement of responsibility, etc. |
edited by Boris Pleskovic, and Michael Bruno |
| 260 ## - PUBLICATION, DISTRIBUTION, ETC. |
| Place of publication, distribution, etc. |
Washington, D. C. |
| Name of publisher, distributor, etc. |
World Bank |
| Date of publication, distribution, etc. |
1991 |
| 350 ## - |
| -- |
0.00 |
| 362 1# - |
| -- |
<p>1990-1993: 1995: 1997-1999: 2001/2002</p> |
| 650 #0 - SUBJECT ADDED ENTRY--TOPICAL TERM |
| Topical term or geographic name entry element |
DEVELOPING COUNTRIES--ECONOMIC POLICY |
| 650 #0 - SUBJECT ADDED ENTRY--TOPICAL TERM |
| Topical term or geographic name entry element |
ECONOMICS |
| 650 #0 - SUBJECT ADDED ENTRY--TOPICAL TERM |
| Topical term or geographic name entry element |
ECONOMIC DEVELOPMENT--AFRICA, SUB-SAHARAN |
| 700 ## - ADDED ENTRY--PERSONAL NAME |
| Personal name |
Bruno, Michael |
| 710 ## - ADDED ENTRY--CORPORATE NAME |
| Corporate name or jurisdiction name as entry element |
World Bank |
| 780 ## - |
| -- |
Proceedings of the World Bank Annual Conference on Development Economics |
| 995 ## - |
| -- |
SPECIAL COLLECTIONS |
| -- |
029082 |
| -- |
CBU-MAIN LIBRARY (Kitwe) |
| -- |
0.00 |
| -- |
IBRD(058)ABCDE/1999 |
| -- |
8 |
| -- |
AVAILABLE |
| -- |
Apr 16, 2014 |
| -- |
029082 |
| -- |
International Publications |
| 995 ## - |
| -- |
SPECIAL COLLECTIONS |
| -- |
0.00 |
| -- |
019299 |
| -- |
CBU-MAIN LIBRARY (Kitwe) |
| -- |
1 |
| -- |
0.00 |
| -- |
IBRD(058)ABCDE/1993 |
| -- |
4 |
| -- |
AVAILABLE |
| -- |
May 14, 2008 |
| -- |
019299 |
| -- |
International Publications |
| 995 ## - |
| -- |
SPECIAL COLLECTIONS |
| -- |
027764 |
| -- |
CBU-MAIN LIBRARY (Kitwe) |
| -- |
0.00 |
| -- |
IBRD(058)ABCDE/1998 |
| -- |
7 |
| -- |
AVAILABLE |
| -- |
Apr 16, 2014 |
| -- |
027764 |
| -- |
International Publications |
| 995 ## - |
| -- |
SPECIAL COLLECTIONS |
| -- |
0.00 |
| -- |
019301 |
| -- |
CBU-MAIN LIBRARY (Kitwe) |
| -- |
1 |
| -- |
0.00 |
| -- |
IBRD(058)ABCDE/1990 |
| -- |
1 |
| -- |
AVAILABLE |
| -- |
May 14, 2008 |
| -- |
019301 |
| -- |
International Publications |
| 995 ## - |
| -- |
SPECIAL COLLECTIONS |
| -- |
0.00 |
| -- |
46219 |
| -- |
CBU-MAIN LIBRARY (Kitwe) |
| -- |
1 |
| -- |
0.00 |
| -- |
IBRD(058)ABCDE/2001 |
| -- |
9 |
| -- |
AVAILABLE |
| -- |
May 14, 2008 |
| -- |
46219 |
| -- |
International Publications |
| 995 ## - |
| -- |
SPECIAL COLLECTIONS |
| -- |
025504 |
| -- |
CBU-MAIN LIBRARY (Kitwe) |
| -- |
0.00 |
| -- |
IBRD(058)ABCDE/1995 |
| -- |
5 |
| -- |
AVAILABLE |
| -- |
Apr 16, 2014 |
| -- |
025504 |
| -- |
International Publications |
| 995 ## - |
| -- |
SPECIAL COLLECTIONS |
| -- |
0.00 |
| -- |
019302 |
| -- |
CBU-MAIN LIBRARY (Kitwe) |
| -- |
1 |
| -- |
0.00 |
| -- |
IBRD(058)ABCDE/1992 |
| -- |
3 |
| -- |
AVAILABLE |
| -- |
May 14, 2008 |
| -- |
019302 |
| -- |
International Publications |
| 995 ## - |
| -- |
SPECIAL COLLECTIONS |
| -- |
021845 |
| -- |
CBU-MAIN LIBRARY (Kitwe) |
| -- |
0.00 |
| -- |
IBRD(058)ABCDE/1997 |
| -- |
6 |
| -- |
AVAILABLE |
| -- |
Apr 16, 2014 |
| -- |
021845 |
| -- |
International Publications |
| 995 ## - |
| -- |
SPECIAL COLLECTIONS |
| -- |
0.00 |
| -- |
019300 |
| -- |
CBU-MAIN LIBRARY (Kitwe) |
| -- |
1 |
| -- |
0.00 |
| -- |
IBRD(058)ABCDE/1991 |
| -- |
2 |
| -- |
AVAILABLE |
| -- |
May 14, 2008 |
| -- |
019300 |
| -- |
International Publications |
| 999 ## - |
| -- |
84257 |
| -- |
84257 |